| 000 | 00551nam a2200193Ia 4500 | ||
|---|---|---|---|
| 003 | OSt | ||
| 005 | 20250916112350.0 | ||
| 008 | 210210b1987 xxu||||| |||| 00| 0 eng d | ||
| 040 | _cAL | ||
| 041 | _aTulu | ||
| 082 | _aT894.2 KUDA | ||
| 100 |
_aKUDKADI VISHVANATHA RAI. _dಕುಡ್ಕಾಡಿ ವಿಶ್ವನಾಥ ರೈ _9159800 |
||
| 245 |
_aAbbakkabbe. _bಅಬ್ಬಕ್ಕಬ್ಬೆ |
||
| 260 |
_aMangaluru _bNityananda Granthalaya _c1987 |
||
| 300 | _a80 | ||
| 690 |
_aTulu Drama _9159801 |
||
| 906 | _a052076 | ||
| 942 |
_2ddc _cBK |
||
| 999 |
_c100520 _d100520 |
||